01610cam a22003857a 4500003000500000005001700005008004100022010001000063011001000073035001000083040000900093090001000102100004500112245018800157260004100345300001000386502007700396590003700473590004100510590004100551590004100592590004200633650003400675650002600709650004600735650002300781901000700804905002300811942000900834949005500843949004200898999001700940952014000957952012701097CHAP20220329142310.0000524d2000 mx r 00110 spa d a81256 a82228 a92716 cCHAP aTesis00aZárate Cruz, Alejandro Arturo.912409710aEfecto del nivel de inundación del sustrato, poda y cubierta plástica en el enraizamiento de esquejes de nochebuena (Euphorbia pulcherrima W.)c/por Alejandro Arturo Zárate Cruz aChapingo, Méx. :bEl autor,c2000. a71 h. aTesis (Ing. Agr. Esp. en Fitotecnia) -- UACH. Departamento de Fitotecnia aALEPHb10c20130110lUCH01h1435 aBATCH-UPDb10c20130110lUCH01h1709 aBATCH-UPDb10c20130410lUCH01h1055 aBATCH-UPDb10c20130914lUCH01h1133 aCONVERSIONb10c20130109lUCH01h134514aCultivos de cobertura.93037114aEnraizamiento.93701314aFlor de nochebuenaxPropagación.94131214aSustratos.9110789 aBK aLilia Sánchez G. cFOLL bBCcTESd33724000778932eTS2fc.2h36835i92716sb bBCcTESd927161eTS1h36834i92716sb c81256d81256 00102local4053708TESISaBCbBCcPA_TESISd2019-12-31fTESISl0oTesisp33724000778932r2019-12-31 00:00:00tc.2w2019-12-31yTESIS 00102local4051708TESISaBCbBCcPA_TESISd2019-12-31fTESISl0oTesisp927161r2019-12-31 00:00:00w2019-12-31yTESIS